Parks in Transition. (Record no. 6087)

MARC details
000 -LEADER
fixed length control field 00515nam a22001937a 4500
003 - CONTROL NUMBER IDENTIFIER
control field OSt
005 - DATE AND TIME OF LATEST TRANSACTION
control field 20180419150451.0
008 - FIXED-LENGTH DATA ELEMENTS--GENERAL INFORMATION
fixed length control field 180419b xxu||||| |||| 00| 0 eng d
020 ## - INTERNATIONAL STANDARD BOOK NUMBER
International Standard Book Number 1844070697
040 ## - CATALOGING SOURCE
Transcribing agency DDC.
082 ## - DEWEY DECIMAL CLASSIFICATION NUMBER
Classification number 363.68PAR 2004
100 ## - MAIN ENTRY--PERSONAL NAME
Personal name Edited by Brian, Child;
9 (RLIN) 12604
245 ## - TITLE STATEMENT
Title Parks in Transition.
260 ## - PUBLICATION, DISTRIBUTION, ETC. (IMPRINT)
Place of publication, distribution, etc. London;Earthscan;2004:
300 ## - PHYSICAL DESCRIPTION
Extent xviii,267p;
Other physical details col ill;
Dimensions 24cm
504 ## - BIBLIOGRAPHY, ETC. NOTE
Bibliography, etc includes references and bibliography:
650 ## - SUBJECT ADDED ENTRY--TOPICAL TERM
Topical term or geographic name as entry element Transition.
9 (RLIN) 12605
942 ## - ADDED ENTRY ELEMENTS (KOHA)
Source of classification or shelving scheme Dewey Decimal Classification
Koha item type Open Shelf
Holdings
Withdrawn status Lost status Source of classification or shelving scheme Damaged status Not for loan Home library Current library Date acquired Source of acquisition Inventory number Total Checkouts Full call number Barcode Date last seen Price effective from Koha item type Serial Enumeration / chronology
    Dewey Decimal Classification     MUST Main Library MUST Main Library 19/04/2018   06/2044   363.68PAR 2004 2018-0231 19/04/2018 19/04/2018 Open Shelf  
    Dewey Decimal Classification     MUST Main Library MUST Main Library 25/06/2024 Donation     363.68PAR 2004 2024-21263 25/06/2024 25/06/2024 Open Shelf 06/26046
    Dewey Decimal Classification     MUST Main Library MUST Main Library 25/06/2024 Donation 06/26047   363.68PAR 2004 2024-21264 25/06/2024 25/06/2024 Open Shelf  
    Dewey Decimal Classification     MUST Main Library MUST Main Library 03/07/2024 Donation 2006/26045   363.68PAR 2004 2024-21714 03/07/2024 03/07/2024 Open Shelf  
    Dewey Decimal Classification     MUST Main Library MUST Main Library 29/07/2024 Donation 2006/26048   363.68PAR 2004 2024-22217 29/07/2024 29/07/2024 Open Shelf